000
00234 a2200109 4500
020
_a
9789992467831
041
_a
spa
100
_a
Echeverria, Julio Serrano
245
_a
Dos cabezas para meter un gol
942
_c
BK
999
_c
29815
_d
29813
999
_d
29813